Актеры и роли: сборник статей
| 団体著者: | |
|---|---|
| 言語: | ロシア語 |
| 出版事項: |
Москва, Искусство, 1947
|
| 主題: |
Леонидов
> Л. М.
> настоящая фамилия Вольфензон
> актер, режиссер, педагог
> народный артист СССР (1936)
> 1873-1941
> Леонид Миронович
Качалов
> В. И.
> актер, народный артист СССР
> настоящая фамилия Шверубович
> 1875-1948
> Василий Иванович
|
| フォーマット: | 図書 |
| KOHA link: | https://koha.lib.tpu.ru/cgi-bin/koha/opac-detail.pl?biblionumber=327121 |
MARC
| LEADER | 00000nam0a2200000 4500 | ||
|---|---|---|---|
| 001 | 327121 | ||
| 005 | 20231102003929.0 | ||
| 035 | |a (RuTPU)RU\TPU\book\352781 | ||
| 090 | |a 327121 | ||
| 100 | |a 20170125d1947 m y0rusy50 ca | ||
| 101 | 0 | |a rus | |
| 102 | |a RU | ||
| 105 | |a a z 000zd | ||
| 200 | 1 | |a Актеры и роли |e сборник статей |f Всероссийское театральное общество | |
| 210 | |a Москва |a Ленинград |c Искусство |d 1947 | ||
| 215 | |a 211 с. |c ил. | ||
| 600 | 1 | |a Марецкая |b В. П |c русская актриса |f 1906-1978 |g Вера Петровна |2 stltpush |3 (RuTPU)RU\TPU\pers\15296 |9 5252 | |
| 600 | 1 | |a Леонидов |b Л. М. |c настоящая фамилия Вольфензон |c актер, режиссер, педагог |c народный артист СССР (1936) |f 1873-1941 |g Леонид Миронович |2 stltpush |3 (RuTPU)RU\TPU\pers\17636 |9 6521 | |
| 600 | 1 | |a Качалов |b В. И. |c актер, народный артист СССР |c настоящая фамилия Шверубович |f 1875-1948 |g Василий Иванович |2 stltpush |3 (RuTPU)RU\TPU\pers\39258 |9 20954 | |
| 600 | 1 | |a Коонен |b А. Г. |c актриса Камерного театра |c жена А. Таирова |f 1889-1974 |g Алиса Георгиевна |c народная артистка РСФСР |2 stltpush |3 (RuTPU)RU\TPU\pers\18660 | |
| 606 | |a Актеры |2 stltpush |3 (RuTPU)RU\TPU\subj\1657 |9 30390 | ||
| 610 | 1 | |a советский театр | |
| 610 | 1 | |a 20 век | |
| 610 | 1 | |a роли | |
| 675 | |a 791.44.071.2 |v 4 | ||
| 712 | 0 | 2 | |a Всероссийское театральное общество |c (Москва) |c (1932-1986) |2 stltpush |3 (RuTPU)RU\TPU\col\23958 |9 28402 |
| 801 | 1 | |a RU |b 63413507 |c 20170125 | |
| 801 | 2 | |a RU |b 63413507 |c 20201001 |g RCR | |
| 942 | |c BK | ||